Ken Carson Discography (Hard) - Statistics

General Stats
  • This quiz has been taken 885 times
    714 since last reset
  • The average score is 7 of 10
Answer Stats
Year Type Name % Correct
2023 Solo Album A Great Chaos
98%
2022 Solo Album X
96%
2020 EP Teen X
93%
2021 EP Teen X: Relapsed
93%
2021 Solo Album Project X
88%
2020 EP Boy Barbie
81%
2021 EP Lost Files
46%
2021 Mixtape Lost Files 2
43%
2022 Mixtape Lost Files 3
41%
2023 Mixtape Lost Files 4
39%
No matching quizzes found
Score Distribution
Percent of People with Each Score
Percentile by Number Answered
Your Score History
You have not taken this quiz since the last reset